<?xml version="1.0" encoding="UTF-8"?>
<collection xmlns="http://www.loc.gov/MARC21/slim">
 <record>
  <leader>00497pamaa2200169   4500</leader>
  <controlfield tag="001">0000037115</controlfield>
  <controlfield tag="005">20130314090000.0</controlfield>
  <datafield tag="020" ind1="0" ind2="0">
   <subfield code="a">9839088483 (pbk) </subfield>
  </datafield>
  <datafield tag="082" ind1=" " ind2=" ">
   <subfield code="a">343.09944 DIN</subfield>
  </datafield>
  <datafield tag="090" ind1="0" ind2="0">
   <subfield code="a">K4305.6D </subfield>
   <subfield code="b">DIN</subfield>
  </datafield>
  <datafield tag="100" ind1="1" ind2="0">
   <subfield code="a">DING </subfield>
  </datafield>
  <datafield tag="245" ind1="1" ind2="0">
   <subfield code="a">E-commerce : </subfield>
   <subfield code="b">law and practice  </subfield>
   <subfield code="c">Julian Ding.</subfield>
  </datafield>
  <datafield tag="260" ind1="0" ind2="0">
   <subfield code="a">Petalng Jaya: </subfield>
   <subfield code="b">Sweet and Maxwell Asia, </subfield>
   <subfield code="c">1999.</subfield>
  </datafield>
  <datafield tag="300" ind1=" " ind2=" ">
   <subfield code="a">xxix, 416p.; </subfield>
   <subfield code="c">25 cm.</subfield>
  </datafield>
  <datafield tag="501" ind1="0" ind2="0">
   <subfield code="a">DLWUK</subfield>
  </datafield>
  <datafield tag="650" ind1="0" ind2="0">
   <subfield code="a">Electronic commerce -- </subfield>
   <subfield code="x">Law and legislation </subfield>
  </datafield>
  <datafield tag="650" ind1="0" ind2="0">
   <subfield code="a">Computers -- </subfield>
   <subfield code="x">Law and legislation </subfield>
  </datafield>
 </record>
</collection>
